000 00296nam a22001337a 4500
008 170601b xxu||||| |||| 00| 0 eng d
020 _a2900495097074
041 _aeng
080 _a93
100 _a17
101 _aSHH
245 _aWHY NATIONS GO TO WAR
_cSTOESSINGER, J.G
942 _2udc
_cBK
999 _c15457
_d15457